000 00842cab a2200229 4500
001 WB3519-46
008 090401t1999 xxu||||| |||| 00| 0 eng d
035 _a(Sirsi) u93470
041 _aeng
245 _aCentral government land disposals
260 _c1999
350 _a0
490 _aDETR News Release
_v(481) 17 May 1999 (2)
520 _aA research report into redundant MoD estate has been published by the DETR, The report looks at existing policy on land disposals and identifies areas which could be improved. Copies of the document, Development of the redundant defence estate are available from the Book Sales Dept. of Thomas Telford for £35 plus p&p.
650 _aDETR
650 _aLAND DISPOSAL
650 _aMINISTRY OF DEFENCE
650 _aMOD LAND
690 _aLAND
942 _n0
948 _c19/05/1999
999 _c59231
_d59231